श्रीमद् योगगीताः (अपरनाम श्रीब्रह्मानन्दमोक्षगीता ) / (Record no. 9029)
[ view plain ]
| 000 -LEADER | |
|---|---|
| fixed length control field | 01554 a2200229 4500 |
| 010 ## - LIBRARY OF CONGRESS CONTROL NUMBER | |
| LC control number | HIN-81814 |
| 020 ## - INTERNATIONAL STANDARD BOOK NUMBER | |
| International Standard Book Number | 8190348396 |
| Terms of availability | 225.00 |
| 035 ## - SYSTEM CONTROL NUMBER | |
| System control number | HN-54160 |
| 037 ## - SOURCE OF ACQUISITION | |
| Source of stock number/acquisition | पु.प्र.अ.प्र/प्रका |
| 082 14 - DEWEY DECIMAL CLASSIFICATION NUMBER | |
| Classification number | 181.45 |
| 090 ## - LOCALLY ASSIGNED LC-TYPE CALL NUMBER (OCLC); LOCAL CALL NUMBER (OCLC) | |
| -- | 9194 |
| -- | 9194 |
| 100 ## - MAIN ENTRY--PERSONAL NAME | |
| Personal name | ब्रह्मानन्द |
| 245 1# - TITLE STATEMENT | |
| Title | श्रीमद् योगगीताः (अपरनाम श्रीब्रह्मानन्दमोक्षगीता ) / |
| Statement of responsibility, etc | स्वामी ब्रह्मानन्द ; श्रीकृष्ण जुगनू द्वारा संपादित |
| 246 ## - VARYING FORM OF TITLE | |
| Title proper/short title | Swamybramhanandvirachitam Srimad Yoggeeta : aprnam Sribrahmanandmokshgeeta |
| Remainder of title | edited by Srikrishna Juganu |
| 260 ## - PUBLICATION, DISTRIBUTION, ETC. (IMPRINT) | |
| Place of publication, distribution, etc | दिल्ली |
| Name of publisher, distributor, etc | आर्यावर्त संस्कृति संस्थान |
| Date of publication, distribution, etc | 2007 |
| 270 ## - ADDRESS | |
| Address | बी-216 चन्दू नगर, करावल नगर रोड |
| City | दिल्ली |
| Postal code | 110094 |
| 300 ## - PHYSICAL DESCRIPTION | |
| Extent | 152पृ |
| Dimensions | 22 सेमी(सजिल्द) |
| 700 1# - ADDED ENTRY--PERSONAL NAME | |
| Personal name | श्रीकृष्ण जुगनू |
| 942 ## - ADDED ENTRY ELEMENTS (KOHA) | |
| Institution code [OBSOLETE] | dpl |
| Koha item type | Hindi Books |
| Call number prefix | 181.45 / ब्रह्मान |
| Withdrawn status | Lost status | Source of classification or shelving scheme | Damaged status | Not for loan | Collection code | Home library | Current library | Date acquired | Cost, normal purchase price | Total Checkouts | Full call number | Barcode | Date last seen | Copy number | Uniform Resource Identifier | Cost, replacement price | Price effective from | Koha item type | Date checked out |
|---|---|---|---|---|---|---|---|---|---|---|---|---|---|---|---|---|---|---|---|
| Dewey Decimal Classification | Non-fiction | D.B.Act.Division | D.B.Act.Division | 225.00 | 181.45 ब्रह्मान | HN-54160 | 15/09/2008 | 1 | 9985 | 225.00 | 15/09/2008 | Hindi Books | |||||||
| Dewey Decimal Classification | Non-fiction | Vinoba Puri | Vinoba Puri | 24/02/2009 | 225.00 | 1 | 181.45 ब्रह्मान | B-317355 | 21/10/2014 | 1 | 225.00 | 24/02/2009 | Hindi Books | 01/10/2014 |
